000 01505nam a22003017a 4500
005 20220502110355.0
008 220502s2013 ag ad||gr|||| 00| 0 spa d
020 _a9789876293334
040 _aCO-BoUCM
_bspa
_cDeissy Garcia
_dDeissy Garcia
041 _aspa
245 0 4 _aLas huellas del futuro
_bcontrapunto de voces sobre la realidad política latinoamericana
_ccoordinación Fernando Calderón Gutiérrez ; equipo de investigación Daniel Moreno Morales, Caterina Colombo ... [y otros 2]
260 _aBuenos Aires
_bSiglo XXI
_bPrograma de las Naciones Unidas para el Desarrollo
_c2013
300 _a324 páginas
_bilustraciones, gráficas
490 0 _aCuadernos de Prospectiva Política
_v4
500 _aBibliografía Básica - Facultad de Estudios Internacionales, Políticos y Urbanos - Pregrado en Ciencia Política y Gobierno
504 _aIncluye referencias bibliográficas
650 7 _aCiencia política
_vEntrevistas
_zAmérica Latina
_9174452
650 7 _aPolíticos
_vEntrevistas
_zAmérica Latina
_9174453
651 1 0 _aAmérica Latina
_xPolítica y gobierno
_ySiglo XXI
_989079
651 1 0 _aAmérica Latina
_xIntegración económica
_928921
700 1 _aCalderón Gutiérrez, Fernando
_ecoordinador
_9174454
700 1 _aMoreno Morales, Daniel
_9174455
700 1 _aColombo, Caterina
_9174456
700 1 _aRodríguez, Benjamín
_9174457
700 1 _aGallardo, Matías
_9174458
942 _2DEWEY
_a6
_cLIBRO
_e1
_h320.098
_mH887
_n0
999 _c321049
_d321049